000 00358 a2200109 4500
001 ART_57215
005 20260410161812.0
008 260409a
245 1 0 _aLa contribución del Web 3 al nuevo derecho mercantil y de la empresa.
100 1 _aDasso, Ariel G.
773 0 _tDoctrina Societaria y Concursal
_g- N° 419 (oct. 2022)
_wREV4298
999 _c21518
_d21518